Timon Aténský / William Shakespeare ; přeložil Martin Hilský
Record details
- ISBN: 80-242-1774-0
- ISBN: 80-86316-72-6
- ISBN: 80-242-1778-3
- Physical Description: 111 s. ; 22 cm
- Edition: V tomto souboru 1. vyd.
- Publisher: Praha : Evropský literární klub : 2006
Content descriptions
| General Note: | Přeloženo z angličtiny Ve společném kartonovém pouzdře s dalšími třemi sv. |
Search for related items by subject
| Subject: | Shakespeare, William, 1564-1616 |
| Genre: | anglická dramata historická dramata sebrané spisy English drama historical drama collected works |
Search for related items by series
Available copies
- 1 of 1 copy available at Common Catalog SPOK.
Holds
- 0 current holds with 1 total copy.
Show Only Available Copies
| Location | Call Number / Copy Notes | Barcode | Shelving Location | Status | Due Date |
|---|---|---|---|---|---|
| KDS Library | 820 DH ShW | 204576801618 | Library | Available | - |
| LDR | 02017nam a2200493 a 4500 | ||
|---|---|---|---|
| 001 | 21245 | ||
| 003 | CZ-PrJAB | ||
| 005 | 20150714062133.0 | ||
| 007 | ta | ||
| 008 | 070119s2006 xr g 000 d cze | ||
| 015 | . | ‡acnb001705844 | |
| 020 | . | ‡a80-242-1774-0 ‡q(Euromedia Group - Knižní klub : ‡qsoubor : ‡qváz.) | |
| 020 | . | ‡a80-86316-72-6 ‡q(Evropský literární klub : ‡qváz.) | |
| 020 | . | ‡a80-242-1778-3 ‡q(Euromedia Group - Knižní klub : ‡qváz.) | |
| 035 | . | ‡a(CZ PrNK)nkc20071705844 | |
| 035 | . | ‡a(OCoLC)124087899 | |
| 040 | . | ‡aOLA001 ‡bcze | |
| 041 | 1 | . | ‡acze ‡heng |
| 072 | 7. | ‡a821.111-2 ‡xAnglické drama, anglicky psané ‡2Konspekt ‡925 | |
| 080 | . | ‡a821.111-2 ‡2MRF | |
| 080 | . | ‡a(0:82-24) ‡2MRF | |
| 080 | . | ‡a(081.1) ‡2MRF | |
| 100 | 1 | . | ‡aShakespeare, William, ‡d1564-1616 ‡7jn19981002129 ‡4aut |
| 240 | 1 | 0. | ‡aTimon of Athens. ‡lČesky |
| 245 | 1 | 0. | ‡aTimon Aténský / ‡cWilliam Shakespeare ; přeložil Martin Hilský |
| 250 | . | ‡aV tomto souboru 1. vyd. | |
| 260 | . | ‡aPraha : ‡bEvropský literární klub : ‡bKnižní klub, ‡c2006 | |
| 300 | . | ‡a111 s. ; ‡c22 cm | |
| 490 | 1 | . | ‡aSouborné dílo Williama Shakespeara v překladu Martina Hilského ; ‡vsv. 31 |
| 500 | . | ‡aPřeloženo z angličtiny | |
| 500 | . | ‡aVe společném kartonovém pouzdře s dalšími třemi sv. | |
| 600 | 1 | 7. | ‡aShakespeare, William, ‡d1564-1616 ‡7jn19981002129 ‡2czenas |
| 655 | 7. | ‡aanglická dramata ‡7fd131806 ‡2czenas | |
| 655 | 7. | ‡ahistorická dramata ‡7fd214830 ‡2czenas | |
| 655 | 7. | ‡asebrané spisy ‡7fd133355 ‡2czenas | |
| 655 | 9. | ‡aEnglish drama ‡2eczenas | |
| 655 | 9. | ‡ahistorical drama ‡2eczenas | |
| 655 | 9. | ‡acollected works ‡2eczenas | |
| 700 | 1 | . | ‡aHilský, Martin, ‡d1943- ‡7jk01041063 ‡4trl |
| 765 | 0 | . | ‡tLife of Tymon of Athens ‡9Česky |
| 830 | 0. | ‡aSouborné dílo Williama Shakespeara v překladu Martina Hilského | |
| 910 | . | ‡aABE463 | |
| 928 | 9 | . | ‡aEuromedia Group - Knižní klub |
| 998 | . | ‡a001705844 | |
| 901 | . | ‡a21245 ‡b ‡c21245 ‡tbiblio | |